Marshall Turenne /

Bibliographic Details
Main Author: Longueville, Thomas, Sir, 1630 or 1631-1685
Format: Book
Language:English
Published: London, New York : Longmans, Green, and Co., 1907.
Subjects:

MARC

Tag First Indicator Second Indicator Subfields
LEADER 00000cam a2200000I 4500
001 in00002058813
005 20151101182957.0
008 740311s1907 enka 000 0 eng c
010 |a  08010271  
035 |a (OCoLC)ocm00825798 
040 |a KSU  |c KSU  |d OCLCQ  |d TXA  |d UtOrBLW 
043 |a e-fr--- 
049 |a TXAM 
050 0 0 |a DC130.T9  |b L6 
090 |a DC130.T9  |b L6 1907 
100 1 |a Longueville, Thomas,  |c Sir,  |d 1630 or 1631-1685. 
245 1 0 |a Marshall Turenne /  |c by the author of "A life of Sir Kenelm Digby" ... with an introduction by Brigadier-General Francis Lloyd. 
264 1 |a London,  |a New York :  |b Longmans, Green, and Co.,  |c 1907. 
300 |a xxiii, 401 pages, 19 unnumbered leaves of plates :  |b illustrations, color map ;  |c 24 cm. 
336 |a text  |b txt  |2 rdacontent 
337 |a unmediated  |b n  |2 rdamedia 
338 |a volume  |b nc  |2 rdacarrier 
536 |a From the library of Dr. R. G. Breene, Jr., March 2004. 
600 1 0 |a Turenne, Henri de La Tour d'Auvergne,  |c vicomte de,  |d 1611-1675. 
651 0 |a France  |x History, Military. 
948 |a cataloged  |b h  |c 2005/6/14  |d c  |e jgreene  |f 5:19:10 pm 
994 |a C0  |b TXA 
999 |a MARS 
999 f f |s 14798a0c-9f2e-356b-8c1c-aab631232c45  |i e33a1ebc-d30d-31e8-82b7-386c679599a1  |t 0 
952 f f |p ric  |a Texas A&M University  |b Rellis Campus  |c Joint Library Facility  |d Remote Storage  |t 0  |e DC130.T9 L6 1907  |h Library of Congress classification  |i unmediated -- volume  |m A14833653245 
998 f f |a DC130.T9 L6 1907  |t 0  |l Remote Storage